| 000 | 00592nam a2200205 a 4500 | ||
|---|---|---|---|
| 001 | 3590 | ||
| 005 | 20140414132023.0 | ||
| 008 | 040603s19uu xx 00 eng d | ||
| 020 | _a0-06-443159-2 | ||
| 050 |
_aTR _bIT5 1947 |
||
| 100 | _aShaw, Charles G. | ||
| 245 |
_aIt looked like split milk / _cby Charles G. Shaw. |
||
| 260 |
_aNew York : _bHarper Collins, _c1947. |
||
| 300 | _a1 v.p. : ill. ; cm. | ||
| 500 | _aTR/PS | ||
| 520 | _aSometimes it looked like a spilt milk. But it wasn't spilt milk. | ||
| 650 |
_aClouds _xFiction. |
||
| 650 | _aChildren stories. | ||
| 999 |
_c113503 _d113503 |
||